|
|
|
|
| LEADER |
00000nam0a2200000 4500 |
| 001 |
256344 |
| 005 |
20231101233115.0 |
| 010 |
|
|
|a 0915928760
|
| 035 |
|
|
|a (RuTPU)RU\TPU\book\279009
|
| 090 |
|
|
|a 256344
|
| 100 |
|
|
|a 20140408d1987 k y0engy50 ba
|
| 101 |
0 |
|
|a eng
|
| 102 |
|
|
|a US
|
| 105 |
|
|
|a a z 001zy
|
| 200 |
1 |
|
|a Shock,Waves,Explosions,and Detonations
|f edited by J. R. Bowen, N. Manson, A. K. Oppenheim , R. I. Soloukhin
|
| 210 |
|
|
|a New York
|c Published by f the American Institute of Aeronautics and Astronautics? Inc
|d 1983
|
| 215 |
|
|
|a 505 с.
|c il.
|
| 225 |
1 |
|
|a Progress in Astronautics and Aeronautics
|v Vol. 87
|
| 320 |
|
|
|a Author Index: p. 505.
|
| 606 |
1 |
|
|a Детонация
|x (химия)
|2 stltpush
|3 (RuTPU)RU\TPU\subj\9357
|9 36617
|
| 606 |
1 |
|
|a Ударные волны
|x Распространение в упругой среде
|2 stltpush
|3 (RuTPU)RU\TPU\subj\62950
|9 80005
|
| 610 |
1 |
|
|a физическая химия
|
| 610 |
1 |
|
|a химия
|
| 610 |
1 |
|
|a взрывы
|
| 610 |
1 |
|
|a детонационные волны
|
| 610 |
1 |
|
|a детонационная стойкость
|
| 610 |
1 |
|
|a детонационные потоки
|
| 610 |
1 |
|
|a английский язык
|
| 675 |
|
|
|a 544.454
|v 3
|
| 675 |
|
|
|a 534.2
|v 3
|
| 702 |
|
1 |
|a Bowen
|b J. R.
|4 340
|
| 702 |
|
1 |
|a Manson
|b N.
|4 340
|
| 702 |
|
1 |
|a Oppenheim
|b A. K.
|4 340
|
| 702 |
|
1 |
|a Soloukhin
|b R. I.
|4 340
|
| 801 |
|
1 |
|a RU
|b 63413507
|c 20140408
|
| 801 |
|
2 |
|a RU
|b 63413507
|c 20140923
|g RCR
|
| 942 |
|
|
|c BK
|